Aónikek : Los dueños del viento.

Guardado en:
Formato: Deslizar
Materias:
Etiquetas: Agregar Etiqueta
Sin Etiquetas, Sea el primero en etiquetar este registro!
LEADER 00781ngm a22002055g 4500
001 CEM.cems022829
008 130507b2007##################0###0#####d
005 20241122140207.0
245 0 0 |a Aónikek :  |b Los dueños del viento. 
300 |a 28'. 
500 |a En soporte VHS, consultar en ventanilla. 
538 |a Soporte: VHS - Norma: Pal N - Color: Si - Grabación DRD 2007 - Hitachi=3220. 
505 0 |a Los últimos descendientes tehuelches. Historia de la raza: vida y costumbres. Pueblos cazadores. La conquista y la desaparición de la raza. 
082 9 8 |/ IND 
653 |a INDIGENAS 
653 |a PUEBLOS ORIGINARIOS 
653 |a TEHUELCHES 
653 |a NIVEL PRIMARIO 
653 |a NIVEL SECUNDARIO 
859 |a CEMS  |b BIB. CEMS - Depto. Recursos Didacticos  |h 982  |i IND  |k DRD  |p 1472.12  |t Ej.1